[Event "British Rapidplay Championship 2023"]
[Site "Mercure Bradford, Bankfield Hotel"]
[Date "2023.04.16"]
[Round "8.12"]
[White "Kairat, Alexander"]
[Black "Ortiz Sanchez, Luis"]
[Result "0-1"]
[TimeControl "All moves in 15 minutes plus 10 second increment per move from move 1"]
[WhiteElo "1618"]
[BlackElo "2067"]

1. e4 {[%clk 00:15:18]} {[%emt 00:00:03]} c5 {[%clk 00:15:18]} {[%emt
00:00:01]} 2. Nf3 {[%clk 00:15:27]} {[%emt 00:00:02]} Nc6 {[%clk 00:15:27]}
{[%emt 00:00:01]} 3. d4 {[%clk 00:15:35]} {[%emt 00:00:04]} cxd4 {[%clk
00:15:36]} 4. Nxd4 {[%clk 00:15:44]} g6 {[%clk 00:15:45]} 5. Nc3 {[%clk
00:15:53]} {[%emt 00:00:01]} Bg7 {[%clk 00:15:46]} {[%emt 00:00:09]} 6. Be3
{[%clk 00:16:01]} {[%emt 00:00:03]} Nf6 {[%clk 00:15:41]} {[%emt 00:00:13]} 7.
Be2 {[%clk 00:15:52]} {[%emt 00:00:18]} O-O {[%clk 00:15:49]} {[%emt 00:00:03]}
8. O-O {[%clk 00:16:00]} {[%emt 00:00:03]} d5 {[%clk 00:15:57]} {[%emt
00:00:02]} 9. exd5 {[%clk 00:15:44]} {[%emt 00:00:25]} Nxd5 {[%clk 00:15:56]}
{[%emt 00:00:12]} 10. Nxd5 {[%clk 00:15:22]} {[%emt 00:00:32]} Qxd5 {[%clk
00:15:53]} {[%emt 00:00:13]} 11. Bf3 {[%clk 00:15:25]} {[%emt 00:00:07]} Qc4
{[%clk 00:15:32]} {[%emt 00:00:30]} 12. Nxc6 {[%clk 00:15:15]} {[%emt
00:00:21]} bxc6 {[%clk 00:15:41]} 13. c3 {[%clk 00:15:22]} {[%emt 00:00:02]}
Be6 {[%clk 00:15:07]} {[%emt 00:00:44]} 14. Qe2 {[%clk 00:15:07]} {[%emt
00:00:25]} Qxe2 {[%clk 00:14:52]} {[%emt 00:00:26]} 15. Bxe2 {[%clk 00:15:16]}
Rab8 {[%clk 00:14:17]} {[%emt 00:00:45]} 16. b3 {[%clk 00:15:11]} {[%emt
00:00:14]} a5 {[%clk 00:13:44]} {[%emt 00:00:44]} 17. Rac1 {[%clk 00:15:03]}
{[%emt 00:00:18]} Rfd8 {[%clk 00:13:35]} {[%emt 00:00:19]} 18. Bf3 {[%clk
00:15:02]} {[%emt 00:00:11]} Bd5 {[%clk 00:13:44]} 19. Be2 {[%clk 00:14:59]}
{[%emt 00:00:13]} Ra8 {[%clk 00:13:34]} {[%emt 00:00:20]} 20. c4 {[%clk
00:15:00]} {[%emt 00:00:09]} Be4 {[%clk 00:13:39]} {[%emt 00:00:05]} 21. Rcd1
{[%clk 00:14:59]} {[%emt 00:00:11]} Bc3 {[%clk 00:13:07]} {[%emt 00:00:42]} 22.
Bb6 {[%clk 00:14:58]} {[%emt 00:00:11]} Rdb8 {[%clk 00:11:27]} {[%emt
00:01:50]} 23. Bc5 {[%clk 00:15:00]} {[%emt 00:00:08]} Bf6 {[%clk 00:10:12]}
{[%emt 00:01:25]} 24. Rd7 {[%clk 00:14:50]} {[%emt 00:00:20]} Bf5 {[%clk
00:09:44]} {[%emt 00:00:37]} 25. Rc7 {[%clk 00:14:43]} {[%emt 00:00:18]} Rc8
{[%clk 00:09:53]} 26. Rxc8+ {[%clk 00:14:48]} {[%emt 00:00:04]} Rxc8 {[%clk
00:10:03]} 27. Rd1 {[%clk 00:14:53]} {[%emt 00:00:04]} Kf8 {[%clk 00:09:38]}
{[%emt 00:00:36]} 28. Bf3 {[%clk 00:14:57]} {[%emt 00:00:06]} Ke8 {[%clk
00:08:40]} {[%emt 00:01:07]} 29. Bb6 {[%clk 00:14:45]} {[%emt 00:00:22]} Bc3
{[%clk 00:08:49]} {[%emt 00:00:02]} 30. Bxc6+ {[%clk 00:14:45]} {[%emt
00:00:10]} Kf8 {[%clk 00:08:50]} {[%emt 00:00:09]} 31. Rd8+ {[%clk 00:14:54]}
Rxd8 32. Bxd8 {[%clk 00:15:00]} {[%emt 00:00:02]} Bb1 {[%clk 00:09:07]} {[%emt
00:00:04]} 33. a3 {[%clk 00:14:50]} {[%emt 00:00:20]} Bc2 {[%clk 00:09:08]}
{[%emt 00:00:09]} 34. b4 {[%clk 00:14:54]} {[%emt 00:00:06]} axb4 {[%clk
00:09:12]} {[%emt 00:00:06]} 35. Ba5 {[%clk 00:15:03]} {[%emt 00:00:01]} Bb3
{[%clk 00:09:13]} {[%emt 00:00:09]} 36. Bb5 {[%clk 00:14:49]} {[%emt 00:00:24]}
f5 {[%clk 00:08:07]} {[%emt 00:01:16]} 37. axb4 {[%clk 00:14:51]} {[%emt
00:00:07]} e5 {[%clk 00:07:49]} {[%emt 00:00:29]} 38. c5 {[%clk 00:14:56]}
{[%emt 00:00:04]} Be6 {[%clk 00:07:46]} {[%emt 00:00:13]} 39. c6 {[%clk
00:14:39]} {[%emt 00:00:27]} Bc8 {[%clk 00:07:47]} {[%emt 00:00:09]} 40. Kf1
{[%clk 00:14:38]} {[%emt 00:00:11]} Ke7 {[%clk 00:07:49]} {[%emt 00:00:08]} 41.
Ke2 {[%clk 00:14:35]} {[%emt 00:00:13]} Kd6 {[%clk 00:07:53]} {[%emt 00:00:06]}
42. f3 {[%clk 00:14:28]} {[%emt 00:00:17]} g5 {[%clk 00:06:59]} {[%emt
00:01:04]} 43. Bd3 {[%clk 00:13:53]} {[%emt 00:00:46]} h5 {[%clk 00:05:58]}
{[%emt 00:01:11]} 44. h3 {[%clk 00:13:31]} {[%emt 00:00:31]} Kd5 {[%clk
00:05:54]} {[%emt 00:00:15]} 45. Bc2 {[%clk 00:12:53]} {[%emt 00:00:47]} Ba6+
{[%clk 00:05:58]} {[%emt 00:00:07]} 46. Bd3 {[%clk 00:12:35]} {[%emt 00:00:28]}
Bc8 {[%clk 00:06:07]} 47. Kd1 {[%clk 00:11:56]} {[%emt 00:00:50]} e4 {[%clk
00:06:04]} {[%emt 00:00:13]} 48. fxe4+ {[%clk 00:11:46]} {[%emt 00:00:20]} fxe4
{[%clk 00:06:13]} 49. Be2 {[%clk 00:11:54]} {[%emt 00:00:02]} g4 {[%clk
00:06:11]} {[%emt 00:00:12]} 50. hxg4 {[%clk 00:11:33]} {[%emt 00:00:30]} hxg4
{[%clk 00:06:20]} 51. Kc2 {[%clk 00:11:40]} {[%emt 00:00:04]} Be1 {[%clk
00:06:22]} {[%emt 00:00:07]} 52. Kb3 {[%clk 00:11:46]} {[%emt 00:00:04]} e3
{[%clk 00:06:26]} {[%emt 00:00:06]} 53. Ka4 {[%clk 00:11:33]} {[%emt 00:00:24]}
Bf5 {[%clk 00:04:51]} {[%emt 00:01:45]} 54. b5 {[%clk 00:11:29]} {[%emt
00:00:14]} Bc2+ {[%clk 00:05:00]} {[%emt 00:00:01]} 55. Ka3 {[%clk 00:11:31]}
{[%emt 00:00:08]} Bxa5 {[%clk 00:05:09]} {[%emt 00:00:02]} 56. Bxg4 {[%clk
00:11:21]} {[%emt 00:00:19]} Bd3 {[%clk 00:05:14]} {[%emt 00:00:05]} 57. Ka4
{[%clk 00:11:11]} {[%emt 00:00:20]} Bb6 {[%clk 00:05:23]} {[%emt 00:00:01]} 58.
Kb4 {[%clk 00:10:44]} {[%emt 00:00:37]} e2 {[%clk 00:05:13]} {[%emt 00:00:20]}
59. Bf3+ {[%clk 00:10:52]} {[%emt 00:00:02]} Kd4 {[%clk 00:05:04]} {[%emt
00:00:18]} 60. Bxe2 {[%clk 00:10:46]} {[%emt 00:00:17]} Bxe2 {[%clk 00:05:13]}
{[%emt 00:00:01]} 61. Ka4 {[%clk 00:10:37]} {[%emt 00:00:19]} Kc4 {[%clk
00:05:18]} {[%emt 00:00:05]} 62. g3 {[%clk 00:10:43]} {[%emt 00:00:04]} Bd1+
{[%clk 00:05:19]} {[%emt 00:00:09]} 63. Ka3 {[%clk 00:10:51]} {[%emt 00:00:02]}
Kxb5 {[%clk 00:05:23]} {[%emt 00:00:06]} 64. Kb2 {[%clk 00:10:58]} {[%emt
00:00:03]} Kxc6 {[%clk 00:05:27]} {[%emt 00:00:06]} 65. Kc3 {[%clk 00:11:07]}
Bf2 {[%clk 00:05:30]} {[%emt 00:00:08]} 66. Kd2 {[%clk 00:11:14]} {[%emt
00:00:02]} Ba4 {[%clk 00:05:36]} {[%emt 00:00:04]} 67. g4 {[%clk 00:11:23]}
{[%emt 00:00:01]} Kd6 {[%clk 00:05:46]} {[%emt 00:00:01]} 68. Ke2 {[%clk
00:11:32]} {[%emt 00:00:01]} Bh4 {[%clk 00:05:54]} {[%emt 00:00:02]} 69. Kf3
{[%clk 00:11:41]} Ke5 {[%clk 00:06:03]} {[%emt 00:00:01]} 70. Kg2 {[%clk
00:11:46]} {[%emt 00:00:05]} Kf4 {[%clk 00:06:06]} {[%emt 00:00:07]} 71. Kh3
{[%clk 00:11:48]} {[%emt 00:00:07]} Bg5 {[%clk 00:06:13]} {[%emt 00:00:04]} 72.
Kh2 {[%clk 00:11:56]} {[%emt 00:00:02]} Kf3 {[%clk 00:06:18]} {[%emt 00:00:05]}
73. Kh3 {[%clk 00:12:01]} {[%emt 00:00:05]} Bc6 {[%clk 00:06:21]} {[%emt
00:00:07]} 74. Kh2 {[%clk 00:12:08]} {[%emt 00:00:03]} Kxg4 {[%clk 00:06:13]}
{[%emt 00:00:18]} 75. Kg1 {[%clk 00:12:13]} {[%emt 00:00:05]} Kf3 {[%clk
00:06:16]} {[%emt 00:00:06]} 76. Kh2 {[%clk 00:12:09]} {[%emt 00:00:15]} Bd7
{[%clk 00:06:10]} {[%emt 00:00:16]} 77. Kg1 {[%clk 00:12:17]} {[%emt 00:00:01]}
Bb5 {[%clk 00:05:51]} {[%emt 00:00:29]} 78. Kh2 {[%clk 00:12:11]} {[%emt
00:00:11]} Bh4 {[%clk 00:05:55]} {[%emt 00:00:11]} 79. Kh3 {[%clk 00:12:07]}
{[%emt 00:00:14]} Be1 {[%clk 00:06:01]} {[%emt 00:00:04]} 80. Kh2 {[%clk
00:12:08]} {[%emt 00:00:10]} Bf2 {[%clk 00:05:56]} {[%emt 00:00:15]} 81. Kh3
{[%clk 00:11:46]} {[%emt 00:00:32]} Bf1 {[%clk 00:05:59]} {[%emt 00:00:06]} 82.
Kh2 {[%clk 00:11:55]} {[%emt 00:00:01]} Bg3+ {[%clk 00:05:54]} {[%emt
00:00:15]} 83. Kg1 {[%clk 00:12:00]} {[%emt 00:00:06]} Bh3 {[%clk 00:05:58]}
{[%emt 00:00:06]} 84. Kh1 {[%clk 00:12:05]} {[%emt 00:00:04]} Be1 {[%clk
00:05:45]} {[%emt 00:00:23]} 85. Kh2 {[%clk 00:12:06]} {[%emt 00:00:10]} Kg4
{[%clk 00:05:54]} 86. Kh1 {[%clk 00:12:13]} {[%emt 00:00:03]} Kg3 {[%clk
00:06:01]} {[%emt 00:00:03]} 87. Kg1 {[%clk 00:12:22]} {[%emt 00:00:02]} Bf2+
{[%clk 00:06:05]} {[%emt 00:00:05]} 88. Kh1 {[%clk 00:12:30]} {[%emt 00:00:01]}
Bg2# {[%clk 00:06:14]} {[%emt 00:00:02]} 0-1

[Event "British Rapidplay Championship 2023"]
[Site "Mercure Bradford, Bankfield Hotel"]
[Date "2023.04.16"]
[Round "8.13"]
[White "Singh, Amrik J"]
[Black "Monterde, Angel"]
[Result "1/2-1/2"]
[TimeControl "All moves in 15 minutes plus 10 second increment per move from move 1"]
[WhiteElo "2000"]
[BlackElo "1646"]

1. e4 {[%clk 00:15:19]} {[%emt 00:14:22]} e6 {[%clk 00:15:19]} 2. f4 {[%clk
00:15:25]} {[%emt 00:00:03]} b6 {[%clk 00:15:23]} {[%emt 00:00:06]} 3. Nf3
{[%clk 00:15:33]} {[%emt 00:00:02]} Bb7 {[%clk 00:15:32]} {[%emt 00:00:01]} 4.
d3 {[%clk 00:15:42]} {[%emt 00:00:03]} d5 {[%clk 00:15:30]} {[%emt 00:00:11]} 5.
e5 {[%clk 00:15:51]} {[%emt 00:00:01]} c5 {[%clk 00:15:31]} {[%emt 00:00:09]} 6.
c3 {[%clk 00:15:59]} {[%emt 00:00:02]} Ne7 {[%clk 00:15:26]} {[%emt 00:00:16]}
7. Na3 {[%clk 00:16:07]} {[%emt 00:00:01]} a6 {[%clk 00:15:28]} {[%emt
00:00:07]} 8. Nc2 {[%clk 00:16:16]} {[%emt 00:00:02]} Nec6 {[%clk 00:15:31]}
{[%emt 00:00:06]} 9. Be2 {[%clk 00:16:22]} {[%emt 00:00:04]} Be7 {[%clk
00:15:29]} {[%emt 00:00:13]} 10. O-O {[%clk 00:16:30]} {[%emt 00:00:02]} Nd7
{[%clk 00:15:25]} {[%emt 00:00:14]} 11. Qe1 {[%clk 00:16:36]} {[%emt 00:00:03]}
Qc7 {[%clk 00:15:15]} {[%emt 00:00:21]} 12. a3 {[%clk 00:16:29]} {[%emt
00:00:17]} f6 {[%clk 00:13:39]} {[%emt 00:01:45]} 13. d4 {[%clk 00:16:06]}
{[%emt 00:00:33]} O-O-O {[%clk 00:11:55]} {[%emt 00:01:55]} 14. c4 {[%clk
00:14:38]} {[%emt 00:01:38]} Nxd4 {[%clk 00:10:56]} {[%emt 00:01:08]} 15. Ncxd4
{[%clk 00:14:36]} {[%emt 00:00:13]} cxd4 {[%clk 00:11:03]} {[%emt 00:00:03]} 16.
Nxd4 {[%clk 00:14:31]} {[%emt 00:00:14]} Bc5 {[%clk 00:10:50]} {[%emt
00:00:22]} 17. Be3 {[%clk 00:13:36]} {[%emt 00:01:05]} Bxd4 {[%clk 00:10:32]}
{[%emt 00:00:29]} 18. Bxd4 {[%clk 00:13:36]} {[%emt 00:00:10]} dxc4 {[%clk
00:10:32]} {[%emt 00:00:11]} 19. Bxc4 {[%clk 00:13:11]} {[%emt 00:00:34]} Qc6
{[%clk 00:09:36]} {[%emt 00:01:06]} 20. Qe2 {[%clk 00:13:09]} {[%emt 00:00:12]}
Nxe5 {[%clk 00:09:19]} {[%emt 00:00:28]} 21. Bxe5 {[%clk 00:12:52]} {[%emt
00:00:27]} fxe5 {[%clk 00:09:25]} {[%emt 00:00:04]} 22. Rac1 {[%clk 00:12:09]}
{[%emt 00:00:53]} Kb8 {[%clk 00:09:00]} {[%emt 00:00:35]} 23. Bxa6 {[%clk
00:11:48]} {[%emt 00:00:30]} Qe4 {[%clk 00:06:54]} {[%emt 00:02:17]} 24. Qxe4
{[%clk 00:10:42]} {[%emt 00:01:16]} Bxe4 {[%clk 00:07:01]} {[%emt 00:00:02]} 25.
Rfe1 {[%clk 00:10:16]} {[%emt 00:00:35]} Bd5 {[%clk 00:05:55]} {[%emt
00:01:17]} 26. Rxe5 {[%clk 00:09:40]} {[%emt 00:00:46]} Rhf8 {[%clk 00:06:03]}
{[%emt 00:00:02]} 27. g3 {[%clk 00:09:37]} {[%emt 00:00:13]} Rf7 {[%clk
00:06:02]} {[%emt 00:00:11]} 28. Kf2 {[%clk 00:08:45]} {[%emt 00:01:02]} Ra7
{[%clk 00:05:33]} {[%emt 00:00:39]} 29. Bd3 {[%clk 00:07:37]} {[%emt 00:01:17]}
h6 {[%clk 00:04:51]} {[%emt 00:00:53]} 30. Ke3 {[%clk 00:07:44]} {[%emt
00:00:03]} Rad7 {[%clk 00:04:47]} {[%emt 00:00:14]} 31. Rc3 {[%clk 00:07:45]}
{[%emt 00:00:09]} Rc7 {[%clk 00:04:42]} {[%emt 00:00:15]} 32. Rxc7 {[%clk
00:07:26]} {[%emt 00:00:29]} Kxc7 {[%clk 00:04:50]} {[%emt 00:00:02]} 33. h4
{[%clk 00:06:40]} {[%emt 00:00:56]} Kd6 {[%clk 00:04:58]} {[%emt 00:00:04]} 34.
Be4 {[%clk 00:06:22]} {[%emt 00:00:27]} Rc8 {[%clk 00:04:08]} {[%emt 00:00:59]}
35. Bxd5 {[%clk 00:05:50]} {[%emt 00:00:42]} exd5 {[%clk 00:04:17]} {[%emt
00:00:02]} 36. Kd2 {[%emt 00:00:14]} Rc4 {[%clk 00:04:16]} 37. Re3 {[%clk
00:05:51]} {[%emt 00:00:15]} b5 {[%clk 00:04:19]} {[%emt 00:00:08]} 38. Rb3
{[%clk 00:05:15]} {[%emt 00:00:46]} Kc5 {[%clk 00:04:10]} {[%emt 00:00:19]} 39.
Re3 {[%clk 00:04:51]} {[%emt 00:00:33]} b4 {[%clk 00:03:53]} {[%emt 00:00:28]}
40. axb4+ {[%clk 00:04:14]} {[%emt 00:00:45]} Rxb4 {[%clk 00:03:49]} {[%emt
00:00:15]} 41. Kc2 {[%clk 00:04:02]} {[%emt 00:00:22]} Rb7 {[%clk 00:03:28]}
{[%emt 00:00:31]} 42. Re6 {[%clk 00:03:09]} {[%emt 00:01:02]} Kc4 {[%clk
00:03:22]} {[%emt 00:00:17]} 43. g4 {[%clk 00:03:04]} {[%emt 00:00:15]} d4
{[%clk 00:03:22]} {[%emt 00:00:10]} 44. Rc6+ {[%clk 00:02:57]} {[%emt
00:00:17]} Kd5 {[%clk 00:03:29]} {[%emt 00:00:03]} 45. Rg6 {[%clk 00:02:31]}
{[%emt 00:00:36]} Ke4 {[%clk 00:03:32]} {[%emt 00:00:08]} 46. f5 {[%clk
00:02:09]} {[%emt 00:00:32]} d3+ {[%clk 00:03:39]} {[%emt 00:00:03]} 47. Kc1
{[%clk 00:02:16]} {[%emt 00:00:02]} Ke3 {[%clk 00:03:31]} {[%emt 00:00:19]} 48.
Re6+ {[%clk 00:02:19]} {[%emt 00:00:06]} Kf4 {[%clk 00:03:36]} {[%emt
00:00:05]} 49. f6 {[%clk 00:02:00]} {[%emt 00:00:29]} gxf6 {[%clk 00:03:17]}
{[%emt 00:00:30]} 50. Rxf6+ {[%clk 00:02:08]} {[%emt 00:00:01]} Kxg4 {[%clk
00:03:25]} {[%emt 00:00:03]} 51. Rxh6 {[%clk 00:02:16]} {[%emt 00:00:01]} d2+
{[%clk 00:03:20]} {[%emt 00:00:15]} 52. Kxd2 {[%clk 00:02:10]} {[%emt
00:00:17]} Rxb2+ {[%clk 00:03:27]} {[%emt 00:00:02]} 1/2-1/2

[Event "British Rapidplay Championship 2023"]
[Site "Mercure Bradford, Bankfield Hotel"]
[Date "2023.04.16"]
[Round "8.14"]
[White "Zhao, George"]
[Black "Kryshtafor, Maksym"]
[Result "1-0"]
[TimeControl "All moves in 15 minutes plus 10 second increment per move from move 1"]
[WhiteElo "1959"]
[BlackElo "1667"]

1. d4 {[%clk 00:15:18]} {[%emt 00:00:03]} d5 {[%clk 00:15:19]} 2. Nf3 {[%clk
00:15:26]} {[%emt 00:00:02]} Nf6 {[%clk 00:15:27]} {[%emt 00:00:02]} 3. g3
{[%clk 00:15:35]} {[%emt 00:00:03]} Bf5 {[%clk 00:15:33]} {[%emt 00:00:02]} 4.
Bg2 {[%clk 00:15:43]} {[%emt 00:00:02]} e6 {[%clk 00:15:41]} {[%emt 00:00:04]}
5. O-O {[%clk 00:15:51]} Bd6 {[%clk 00:15:49]} {[%emt 00:00:03]} 6. Nbd2 {[%clk
00:15:58]} {[%emt 00:00:05]} c6 {[%clk 00:15:54]} {[%emt 00:00:02]} 7. c4
{[%clk 00:16:07]} {[%emt 00:00:01]} Nbd7 {[%clk 00:16:02]} {[%emt 00:00:02]} 8.
a3 {[%clk 00:16:09]} {[%emt 00:00:08]} Qc7 {[%clk 00:16:08]} {[%emt 00:00:03]}
9. b4 {[%clk 00:16:16]} {[%emt 00:00:04]} a5 {[%clk 00:16:03]} {[%emt
00:00:17]} 10. c5 {[%clk 00:15:53]} {[%emt 00:00:30]} Be7 {[%clk 00:16:07]}
{[%emt 00:00:06]} 11. Bb2 {[%clk 00:16:02]} {[%emt 00:00:02]} a4 {[%clk
00:16:10]} {[%emt 00:00:07]} 12. Re1 {[%clk 00:15:59]} {[%emt 00:00:13]} Ne4
{[%clk 00:16:01]} {[%emt 00:00:19]} 13. Rc1 {[%clk 00:15:38]} {[%emt 00:00:31]}
Ndf6 {[%clk 00:15:55]} {[%emt 00:00:15]} 14. h3 {[%clk 00:14:38]} {[%emt
00:01:11]} h5 {[%clk 00:15:57]} {[%emt 00:00:08]} 15. Ne5 {[%clk 00:14:06]}
{[%emt 00:00:42]} g5 {[%clk 00:15:43]} {[%emt 00:00:24]} 16. e3 {[%clk
00:12:26]} {[%emt 00:01:49]} Nd7 {[%clk 00:10:29]} {[%emt 00:05:24]} 17. Nxe4
{[%clk 00:11:45]} {[%emt 00:00:51]} dxe4 {[%clk 00:10:00]} {[%emt 00:00:39]} 18.
Nc4 {[%clk 00:11:15]} {[%emt 00:00:40]} Rh7 {[%clk 00:09:12]} {[%emt 00:00:58]}
19. Qc2 {[%clk 00:10:32]} {[%emt 00:00:53]} h4 {[%clk 00:08:39]} {[%emt
00:00:44]} 20. g4 {[%clk 00:10:09]} {[%emt 00:00:32]} Bg6 {[%clk 00:06:41]}
{[%emt 00:02:09]} 21. Ne5 {[%clk 00:08:49]} {[%emt 00:01:29]} O-O-O {[%clk
00:05:51]} {[%emt 00:01:01]} 22. Qxa4 {[%clk 00:07:54]} {[%emt 00:01:05]} Kb8
{[%clk 00:05:06]} {[%emt 00:00:54]} 23. b5 {[%clk 00:07:17]} {[%emt 00:00:47]}
Nxe5 {[%clk 00:03:16]} {[%emt 00:02:00]} 24. b6 {[%clk 00:07:05]} {[%emt
00:00:22]} Qd7 {[%clk 00:03:16]} {[%emt 00:00:10]} 25. Qa7+ {[%clk 00:07:12]}
{[%emt 00:00:03]} Kc8 {[%clk 00:03:25]} {[%emt 00:00:01]} 26. Qa8# {[%clk
00:07:19]} {[%emt 00:00:03]} 1-0

[Event "British Rapidplay Championship 2023"]
[Site "Mercure Bradford, Bankfield Hotel"]
[Date "2023.04.16"]
[Round "8.15"]
[White "Sasikumar, Srivathsan"]
[Black "Redmond, Nigel"]
[Result "1/2-1/2"]
[TimeControl "All moves in 15 minutes plus 10 second increment per move from move 1"]
[WhiteElo "1628"]
[BlackElo "1656"]

1. e4 {[%clk 00:15:19]} {[%emt 00:00:03]} d6 {[%clk 00:14:28]} {[%emt
00:00:51]} 2. d4 {[%clk 00:15:25]} {[%emt 00:00:05]} Nf6 {[%clk 00:14:33]}
{[%emt 00:00:05]} 3. Nc3 {[%clk 00:15:31]} {[%emt 00:00:03]} Nbd7 {[%clk
00:14:38]} {[%emt 00:00:05]} 4. Nf3 {[%clk 00:15:31]} {[%emt 00:00:09]} e5
{[%clk 00:14:46]} {[%emt 00:00:02]} 5. dxe5 {[%clk 00:15:36]} {[%emt 00:00:06]}
dxe5 {[%clk 00:14:55]} {[%emt 00:00:02]} 6. Bc4 {[%clk 00:15:24]} {[%emt
00:00:21]} Be7 {[%clk 00:14:56]} {[%emt 00:00:09]} 7. O-O {[%clk 00:15:29]}
{[%emt 00:00:05]} c6 {[%clk 00:14:55]} {[%emt 00:00:11]} 8. Re1 {[%clk
00:15:17]} {[%emt 00:00:22]} h6 {[%clk 00:14:46]} {[%emt 00:00:18]} 9. Bd2
{[%clk 00:14:46]} {[%emt 00:00:42]} Qc7 {[%clk 00:14:53]} {[%emt 00:00:03]} 10.
a3 {[%clk 00:14:42]} {[%emt 00:00:14]} Nf8 {[%clk 00:14:15]} {[%emt 00:00:48]}
11. b4 {[%clk 00:14:32]} {[%emt 00:00:20]} Be6 {[%clk 00:14:20]} {[%emt
00:00:05]} 12. Bxe6 {[%clk 00:14:07]} {[%emt 00:00:35]} Nxe6 {[%clk 00:14:26]}
{[%emt 00:00:03]} 13. b5 {[%clk 00:13:46]} {[%emt 00:00:32]} Rd8 {[%clk
00:14:34]} {[%emt 00:00:02]} 14. Qe2 {[%clk 00:13:13]} {[%emt 00:00:43]} O-O
{[%clk 00:14:15]} {[%emt 00:00:28]} 15. bxc6 {[%clk 00:11:31]} {[%emt
00:01:53]} bxc6 {[%clk 00:14:21]} {[%emt 00:00:03]} 16. a4 {[%clk 00:11:29]}
{[%emt 00:00:13]} Bb4 {[%clk 00:14:02]} {[%emt 00:00:28]} 17. Rad1 {[%clk
00:03:47]} {[%emt 00:07:53]} Nd4 {[%clk 00:13:33]} {[%emt 00:00:38]} 18. Nxd4
{[%clk 00:03:38]} {[%emt 00:00:20]} Rxd4 {[%clk 00:13:39]} {[%emt 00:00:04]} 19.
Nb1 {[%clk 00:01:11]} {[%emt 00:02:35]} Rxe4 {[%clk 00:11:48]} {[%emt
00:02:00]} 20. Qf3 {[%clk 00:00:50]} {[%emt 00:00:31]} Rxe1+ {[%clk 00:10:51]}
{[%emt 00:01:09]} 21. Rxe1 {[%clk 00:00:53]} {[%emt 00:00:08]} Bxd2 {[%clk
00:10:18]} {[%emt 00:00:42]} 22. Nxd2 {[%clk 00:01:01]} {[%emt 00:00:02]} Nd5
{[%clk 00:09:12]} {[%emt 00:01:16]} 23. Nc4 {[%clk 00:01:00]} {[%emt 00:00:11]}
f6 {[%clk 00:09:05]} {[%emt 00:00:17]} 24. h3 {[%clk 00:00:59]} {[%emt
00:00:12]} Qe7 {[%clk 00:08:31]} {[%emt 00:00:43]} 25. Rd1 {[%clk 00:00:32]}
{[%emt 00:00:38]} Qb4 {[%clk 00:08:21]} {[%emt 00:00:19]} 26. Qb3 {[%clk
00:00:20]} {[%emt 00:00:24]} Rb8 {[%clk 00:07:45]} {[%emt 00:00:45]} 27. Na5
{[%clk 00:00:15]} {[%emt 00:00:14]} Rb6 {[%clk 00:07:01]} {[%emt 00:00:54]} 28.
Nxc6 {[%clk 00:00:22]} {[%emt 00:00:04]} Qxb3 {[%clk 00:07:01]} {[%emt
00:00:10]} 29. cxb3 {[%clk 00:00:28]} {[%emt 00:00:04]} Rxc6 {[%clk 00:05:35]}
{[%emt 00:01:36]} 30. Rxd5 {[%clk 00:00:36]} {[%emt 00:00:02]} Rc7 {[%clk
00:05:34]} {[%emt 00:00:10]} 31. Kf1 {[%clk 00:00:40]} {[%emt 00:00:06]} Kf7
{[%clk 00:05:43]} {[%emt 00:00:02]} 32. Ke2 {[%clk 00:00:45]} {[%emt 00:00:04]}
Ke6 {[%clk 00:05:52]} {[%emt 00:00:02]} 33. Rd3 {[%clk 00:00:44]} {[%emt
00:00:11]} e4 {[%clk 00:05:49]} {[%emt 00:00:12]} 34. Rd4 {[%clk 00:00:46]}
{[%emt 00:00:08]} f5 {[%clk 00:05:55]} {[%emt 00:00:03]} 35. g4 {[%clk
00:00:38]} {[%emt 00:00:19]} Ke5 {[%clk 00:05:55]} {[%emt 00:00:11]} 36. Rb4
{[%clk 00:00:46]} {[%emt 00:00:02]} Rc2+ {[%clk 00:05:43]} {[%emt 00:00:21]} 37.
Kf1 {[%clk 00:00:28]} {[%emt 00:00:28]} f4 {[%clk 00:05:37]} {[%emt 00:00:16]}
38. Rb5+ {[%clk 00:00:32]} {[%emt 00:00:07]} Kd4 {[%clk 00:05:39]} {[%emt
00:00:08]} 39. Rb7 {[%clk 00:00:40]} {[%emt 00:00:02]} f3 {[%clk 00:05:23]}
{[%emt 00:00:25]} 40. Kg1 {[%clk 00:00:24]} {[%emt 00:00:27]} Rc1+ {[%clk
00:05:08]} {[%emt 00:00:25]} 41. Kh2 {[%clk 00:00:32]} {[%emt 00:00:02]} Rc2
{[%clk 00:04:41]} {[%emt 00:00:37]} 42. Kg3 {[%clk 00:00:35]} {[%emt 00:00:06]}
Rc1 {[%clk 00:03:52]} {[%emt 00:01:00]} 43. Rd7+ {[%clk 00:00:19]} {[%emt
00:00:26]} Ke5 {[%clk 00:03:54]} {[%emt 00:00:07]} 44. Re7+ {[%clk 00:00:27]}
{[%emt 00:00:03]} Kd4 {[%clk 00:03:58]} {[%emt 00:00:06]} 45. Kf4 {[%clk
00:00:32]} {[%emt 00:00:05]} g5 {[%clk 00:04:00]} {[%emt 00:00:07]} 46. Kf5
{[%clk 00:00:19]} {[%emt 00:00:23]} Rc5+ {[%clk 00:04:06]} {[%emt 00:00:05]} 47.
Kg6 {[%clk 00:00:25]} {[%emt 00:00:03]} Rc6+ {[%clk 00:04:13]} {[%emt
00:00:03]} 48. Kh5 {[%clk 00:15:10]} {[%emt 00:01:08]} 1/2-1/2